000 00575nam a2200181 4500
001 112903
003 ES-MaACL
007 t|
008 061121s1970 mx r ||||1| spa d
100 1 _aMurthy, S. K.
_984655
245 1 0 _aQuímica orgánica simplificada /
_cpor S. K. Murthy y S. S. Nathan ; traducción por Oscar M. Becerril.
250 _a[4ª ed.].
260 _aMéxico :
_bCompañía General de Ediciones,
_c1970.
300 _a287 p. ;
_c27 cm.
700 1 _aNathan, S. S.
_984995
700 1 _aBecerril, Oscar M.
_926890
852 _aES-MaACL
_jE-9090
_bR.93566
999 _c112903
_d112903